• 首页
  • 本馆介绍
  • 公告通知
  • 最新文献
  • 馆藏检索
  • 电子资源
  • 读者导购
  • 参考咨询
  • 我的图书馆
  • 登录
  • 详细信息显示
  • 放入我的书架
  • 预约/预借图书
  • 作者相关作品
  • 分类相关作品
  • 丛书相关作品
  • 出版社相关作品

书目信息

  • 表格格式
  • 工作单格式
  • 卡片格式
题名:
王世略谋
    
 
作者: 王余佑 撰 ;李月明 , 马强 编译
分册:  
出版信息: 北京   北京燕山出版社  1995
页数: 276页
开本: 19cm
丛书名:
单 册:
中图分类: C934
科图分类: 44.535
主题词: 短篇小说--中国--明代--选集 , 决策学
电子资源:
ISBN: 7-5402-0474-5
000 00715nnam 2200253 45
001 1254575978
005 20121003151037.50
010    @a7-5402-0474-5@dCNY9.80
100    @a19960720d1995 em y0chiy0121 ea
101 0  @achi
102    @aCN@b110000
105    @ay z 000fy
200 10 @a王世略谋@AWANG SHI LUE MOU@f(明)王余佑撰@F( MING ) WANG YU YOU ZHUAN@g李月明,马 强编译
210    @a北京@c北京燕山出版社@d1995
215    @a276页@d19cm
606    @a短篇小说@y中国@z明代@x选集
606 0  @a决策学
690    @aC934
692    @a44.535
701  0 @a王余佑@AWANG YU YOU@4撰
702  0 @a李月明@ALI YUE MING@4编译
702  0 @a马强@AMA QIANG@4编译
801  0 @aCN@bTSSF@c19960720
905    @a10447@dC934@eJY89
    
    王世略谋/(明)王余佑撰/李月明,马 强编译.-北京:北京燕山出版社,1995
    276页;19cm
    
    
    ISBN 7-5402-0474-5:CNY9.80
    
●
相关链接 在E读中查询图书 在五车中查询图书 在当当中查询图书 在豆瓣中查询图书


正题名:王世略谋     索取号:C934/JY89         预约/预借

序号 登录号 条形码 馆藏地/架位号 状态 备注
1 7810582   278105827   学院路分馆/ [索取号:C934/JY89] 在馆    
2 7810583   278105836   学院路分馆/ [索取号:C934/JY89] 在馆    
唐山师范学院图书馆 欢迎您!
大连网信软件有限公司© 版权所有